| 000 | 00737nam a2200193 a 4500 | ||
|---|---|---|---|
| 008 | 120208s2006 ||||||||||||||||| || u | ||
| 020 | _a9780123694522 | ||
| 050 | _aQ 223 Anh | ||
| 100 | _aAnholt, Robert R. H | ||
| 245 | 1 | 0 |
_aDazzle 'Em with style: the art of oral scientific presentation. (2nd ed.) _cby Robert R. H. Anholt |
| 250 | _a2nd ed. | ||
| 260 |
_aSan Diego, Calif.: _bElsevier Academic Press _c2006 |
||
| 300 | _axviii, 171p.: ill. | ||
| 350 | _a0.00 | ||
| 650 | _aCOMMUNICATION IN SCIENCE | ||
| 650 | _aPUBLIC SPEAKING | ||
| 650 | _aLECTURES AND LECTURING | ||
| 995 |
_FCBU-MAIN LIBRARY (Kitwe) _I0.00 _M1 _UAVAILABLE _WJun 21, 2012 _ZMain Library Open Access Collection |
||
| 999 |
_c39443 _d39443 |
||